000 00572nam a2200229Ia 4500
003 OSt
005 20220924150316.0
006 a|||||r|||| 00| 0
007 ta
008 220923b |||||||| |||| 00| 0 urd d
024 _a332717
037 _cTextual
040 _aARTS
_cARTS
_burd
041 _2urd
_aurd
082 _aO168,1:g, K5
100 _aAteeq Ateeq Ahmad Au.
_9221829
245 0 _aNoor-e-farda
260 _c1965
650 _aURDU POETRY
942 _hO168,1:g, K5
_cTEXL
_2CC
999 _c462930
_d462930